Arcology: the city in the image of man

Guardat en:
Dades bibliogràfiques
Autor principal: Soleri, Paolo (Autor)
Format: Llibre
Idioma:anglès
Publicat: Cambridge MIT Press 1973
Matèries:
Etiquetes: Afegir etiqueta
Sense etiquetes, Sigues el primer a etiquetar aquest registre!

MARC

LEADER 00000nam a2200000 a 4500
001 UCY4955
003 CL-VaPUC
008 950407e19730000US |||||||||||||||||eng|d
082 0 4 |a 711.4  |b SOL  |2 21 
100 0 |a Soleri, Paolo  |e author  |9 333495 
245 1 0 |a Arcology: the city in the image of man 
300 |a 122 p 
942 |c BK 
945 |d 19950407 00:00:00  |a oaravena 
260 |a Cambridge  |b MIT Press  |c 1973 
650 7 |a INGENIERIA MUNICIPAL  |2 CL-VaPUC  |9 333496 
583 |a last modification  |c 19950407 00:00:00  |k Rodrigo Vera 
999 |c 232701  |d 232699 
952 |0 0  |1 0  |4 0  |6 711_400000000000000_SOL_1973  |7 0  |8 P  |9 237513  |a BIBARQ  |b BIBARQ  |d 2019-11-15  |i 3076822  |o 711.4 SOL 1973  |p 3076822  |r 2025-01-20  |w 2019-11-15  |y BK  |k ARQ